Iónovo vodivé sklá v sústave Cu2O-MoO3-P2O5 : Obh. 8.6.1992 /

Salvato in:
Dettagli Bibliografici
Autore principale: Bujnoch, Marcel (Autore)
Natura: Manoscritto Libro
Lingua:slovacco
Pubblicazione: Bratislava : STU v Bratislave ChtF, 1992
Tags: Aggiungi Tag
Nessun Tag, puoi essere il primo ad aggiungerne!!

MARC

LEADER 00000ntm a22000003a 4500
001 stu19321
005 20150617225756.2
008 920803s1992----cs------------------slo-d
040 |a STU  |b slo 
041 0 |a slo 
044 |a cs 
100 1 |a Bujnoch, Marcel  |4 aut 
245 1 |a Iónovo vodivé sklá v sústave Cu2O-MoO3-P2O5 :  |b Obh. 8.6.1992 /  |c [aut.]Bujnoch,Marcel 
260 |a Bratislava :  |b STU v Bratislave ChtF,  |c 1992 
300 |a 70 s :  |b Tab.grafy,lit 
500 |a Špec.: Chem.technol.keramiky, skla a cementu 
996 |b CD11230  |c C*D11230  |l CCI  |s A  |a 24  |w stu19321_0001